Les 20 villes les plus peuplées de la Haute-Savoie sur une carte - Statistiques

Statistiques générales
  • Ce quiz a été pris 186 fois
  • Le résultat moyen est 11 sur 20
Réponses sur la Carte
Les réponses sont colorées sur une échelle allant du rouge au vert en fonction du pourcentage des utilisateurs qui les ont devinées à leur premier essai. Vous pouvez retrouver ces pourcentages ci-dessous.
 
Statistiques - réponses
Population Ville % Correct
131 272 Annecy
99%
37 595 Annemasse
93%
37 689 Thonon-les-Bains
93%
9 224 Évian-les-Bains
86%
8 673 Chamonix-Mont-Blanc
79%
17 366 Cluses
79%
15 925 Saint-Julien-en-Genevois
77%
13 320 Bonneville
70%
17 041 Sallanches
68%
16 082 Rumilly
60%
11 239 La Roche-sur-Foron
54%
10 852 Passy
46%
11 054 Gaillard
42%
8 642 Epagny Metz-Tessy
36%
9 196 Ville-la-Grand
33%
10 412 Vétraz-Monthoux
27%
9 074 Scionzier
26%
9 032 Poisy
22%
8 112 Reignier-Ésery
18%
9 812 Fillière
12%
Aucun quiz correspondant
Distribution des résultats
% des personnes avec chaque résultat
Percentile par nombre de réponses
Votre historique - résultats
Vous n’avez pas pris ce quiz